W Jakiej Reprezentacji Gra Ten Piłkarz? #6 - Statystyki

Ogólne statystyki
  • Ten quiz został rozwiązany 167 razy
  • Średni wynik to 7 z 10
Statystyki odpowiedzi
Piłkarz Narodowość % Poprawnych
Dominik Szoboszlai Węgry
95%
Ola Toivonen Szwecja
82%
Joel Valencia Ekwador
81%
Thomas Partey Ghana
76%
Joao Amaral Portugalia
73%
Emre Belozoglu Turcja
72%
Tim Matavž Słowenia
70%
Gary Mackay-Steven Szkocja
64%
Niklas Moisander Finlandia
63%
Zlatko Junuzović Austria
55%
Nie znaleziono quizów pasujących do podanych kryteriów
Rozkład punktacji
Procent ludzi z każdym wynikiem
Percentyl według liczby udzielonych odpowiedzi
Twoja historia wyników
Nie rozwiązałeś tego quizu